| 000 | 00373cam a2200145ua 4500 | ||
|---|---|---|---|
| 041 |
_aeng _h |
||
| 082 |
_a828.09 _bMUL/AI |
||
| 100 | _aMullik, B R . | ||
| 245 |
_aAldus Huxley : Students in novelists Vol.XIV / _cB R Mullik. _hTextual Documents |
||
| 260 |
_aNew Delhi : _bS.Chand & Co , _c1966. |
||
| 300 | _a59 ; . | ||
| 504 | _a | ||
| 942 | _cBK | ||
| 999 |
_c3383 _d3383 |
||